[Event "Finale kadetskih liga-kadeti 2016."]
[Site "Djurdjevac"]
[Date "2016.12.27"]
[Round "1.11"]
[White "Matanovic, Anto"]
[Black "Tomulic, Teo"]
[Result "0-1"]
[WhiteElo "1683"]
[BlackElo "2209"]
[PlyCount "60"]
[EventDate "2016.12.27"]

1. e4 c5 2. Nc3 e6 3. f4 d5 4. Bb5+ Nc6 5. Bxc6+ bxc6 6. Nf3 Nf6 7. d3 Ba6 8.
e5 Nd7 9. b3 Be7 10. O-O Qc7 11. Qe1 O-O-O 12. Na4 h6 13. Ba3 g5 14. f5 exf5
15. e6 fxe6 16. Qxe6 Rde8 17. Qxf5 Rhf8 18. Qg6 Rg8 19. Qf7 g4 20. Nd2 Bd6 21.
Rae1 Ref8 22. Qe6 Kb8 23. g3 h5 24. Rf7 Bc8 25. Rxf8 Rxf8 26. Qh6 Bxg3 27. Re7
Bxh2+ 28. Kh1 Qg3 29. Qe3 Qh4 30. Kg2 Bd6 0-1

[Event "Finale kadetskih liga-kadeti 2016."]
[Site "Djurdjevac"]
[Date "2016.12.27"]
[Round "1.12"]
[White "Cvitan, Ena"]
[Black "Hajpek, Erik"]
[Result "1/2-1/2"]
[WhiteElo "2079"]
[BlackElo "1708"]
[PlyCount "77"]
[EventDate "2016.12.27"]

1. Nf3 d5 2. e3 Nf6 3. b3 c5 4. Bb2 e6 5. d4 a6 6. Bd3 Nc6 7. a3 cxd4 8. exd4
Bd6 9. O-O O-O 10. Nbd2 Re8 11. Re1 Nd7 12. c4 dxc4 13. Nxc4 Bc7 14. Rc1 b5 15.
Nce5 Ncxe5 16. dxe5 Bb7 17. Bxh7+ Kxh7 18. Qc2+ Kg8 19. Qxc7 Bxf3 20. Qxd8
Rexd8 21. gxf3 Nb6 22. Red1 Nd5 23. Rc6 a5 24. Bc1 b4 25. a4 Rdc8 26. Rd6 Rc3
27. Bg5 Rxb3 28. Kg2 Ra3 29. h4 Rxa4 30. h5 b3 31. h6 gxh6 32. Bc1 Rb4 33. Ba3
Rb5 34. Rd7 b2 35. Rb1 Rab8 36. Kh2 Nc3 37. Rg1+ Kh8 38. Be7 Nd5 39. Rxd5
1/2-1/2

[Event "Finale kadetskih liga-kadeti 2016."]
[Site "Djurdjevac"]
[Date "2016.12.27"]
[Round "1.13"]
[White "Drempetic, Mario"]
[Black "Duda, Daniel"]
[Result "0-1"]
[WhiteElo "1619"]
[BlackElo "1925"]
[PlyCount "74"]
[EventDate "2016.12.27"]

1. e4 c5 2. Nf3 e6 3. d4 cxd4 4. Nxd4 a6 5. Nc3 Qc7 6. Be2 Nc6 7. Be3 Nf6 8. f3
Bb4 9. Qd2 d5 10. Bd3 Nxd4 11. Bxd4 e5 12. Bf2 d4 13. Qg5 dxc3 14. O-O O-O 15.
Bg3 cxb2 16. Rab1 Bc3 17. f4 h6 18. Qh4 exf4 19. Bxf4 Qc5+ 20. Kh1 Qh5 21. Qg3
Be6 22. e5 Nd5 23. Bc4 Nxf4 24. Qxc3 Bxc4 25. Rxf4 Bxa2 26. g4 Qg6 27. Qxb2
Bd5+ 28. Kg1 Rac8 29. Qd4 Rfd8 30. Qf2 b5 31. h4 Rc4 32. h5 Qg5 33. Rb4 Rxb4
34. Rxb4 Qc1+ 35. Kh2 Bc4 36. Qb6 Qf4+ 37. Kg1 Qg3+ 0-1

[Event "Finale kadetskih liga-kadeti 2016."]
[Site "Djurdjevac"]
[Date "2016.12.27"]
[Round "1.14"]
[White "Mazuran, Gabrijel"]
[Black "Hajpek, Egon"]
[Result "1-0"]
[WhiteElo "1737"]
[BlackElo "1510"]
[PlyCount "115"]
[EventDate "2016.12.27"]

1. d4 d5 2. Nf3 Nf6 3. c4 c6 4. Nc3 e6 5. Bg5 Nbd7 6. e3 Qa5 7. Bxf6 Nxf6 8. a3
c5 9. dxc5 dxc4 10. Bxc4 Qxc5 11. Bb5+ Bd7 12. Bxd7+ Nxd7 13. O-O Be7 14. Rc1
Qa5 15. Ne4 Rd8 16. Nd6+ Bxd6 17. Qxd6 Nf6 18. Qg3 O-O 19. Rc7 Ne4 20. Qf4 Nd2
21. Nxd2 Rxd2 22. Rxb7 Qa6 23. Rb8 Rfd8 24. Qc7 Qd6 25. Rxd8+ Qxd8 26. Qxd8+
Rxd8 27. Rc1 Kf8 28. Kf1 Rd7 29. Ke2 Ke7 30. b4 Rb7 31. Rc5 Kd6 32. f3 Rb6 33.
e4 Ra6 34. Rc3 Ke5 35. Ke3 f6 36. Rd3 g5 37. g3 f5 38. f4+ Kf6 39. e5+ Kg6 40.
Rc3 Kh5 41. h3 Kg6 42. Kd4 h5 43. h4 gxh4 44. gxh4 Rb6 45. Kc5 Kf7 46. Rd3 Ke7
47. b5 Rb8 48. Rg3 Rc8+ 49. Kb4 Kf7 50. Rc3 Rd8 51. Rc7+ Kg6 52. Rxa7 Rd4+ 53.
Kc5 Rxf4 54. b6 Rf1 55. Ra4 Rc1+ 56. Kd6 Rc8 57. b7 Rb8 58. Kc7 1-0

[Event "Finale kadetskih liga-kadeti 2016."]
[Site "Djurdjevac"]
[Date "2016.12.27"]
[Round "1.21"]
[White "Cotic, Borna"]
[Black "Jambresic, Filip"]
[Result "1/2-1/2"]
[WhiteElo "1947"]
[BlackElo "2007"]
[PlyCount "112"]
[EventDate "2016.12.27"]

1. e4 c5 2. Nf3 e6 3. c4 Nc6 4. Be2 Qc7 5. Nc3 Nf6 6. d4 cxd4 7. Nxd4 Bb4 8.
Ndb5 Qa5 9. O-O a6 10. Nd6+ Ke7 11. Nxc8+ Raxc8 12. Bd2 Qe5 13. Bd3 Qd6 14. Qe2
Ne5 15. Bc2 Nxc4 16. Bg5 Qc5 17. Nd5+ exd5 18. e5 Kd8 19. exf6 g6 20. Rac1 Re8
21. Qg4 Qd6 22. Bd3 Ne5 23. Rxc8+ Kxc8 24. Rc1+ Kb8 25. Qd4 Nxd3 26. Qxd3 Qe5
27. Bh4 Qe1+ 28. Rxe1 Rxe1+ 29. Qf1 Kc7 30. Qxe1 Bxe1 31. Kf1 Bb4 32. Ke2 Kd6
33. Kd3 Ke5 34. g4 h6 35. a4 Bc5 36. b3 g5 37. Bg3+ Kxf6 38. f3 Ke6 39. h3 Bd6
40. Bf2 Be5 41. Bc5 Bb2 42. Bf2 Kd6 43. Be1 d4 44. Bg3+ Kd5 45. Bc7 Ba3 46. Bg3
Bf8 47. Be1 Bd6 48. Bf2 Be5 49. Be1 b6 50. Bb4 d6 51. Be1 Bf4 52. Bf2 Be3 53.
Be1 Ke5 54. Bg3+ Kd5 55. Be1 Bc1 56. Bf2 Be3 1/2-1/2

[Event "Finale kadetskih liga-kadeti 2016."]
[Site "Djurdjevac"]
[Date "2016.12.27"]
[Round "1.22"]
[White "Novosel, Marko"]
[Black "Bulic Braculj, Luka"]
[Result "1-0"]
[WhiteElo "1926"]
[BlackElo "1851"]
[PlyCount "73"]
[EventDate "2016.12.27"]

1. e4 c5 2. Nf3 g6 3. Bc4 Bg7 4. O-O Nc6 5. a3 Nf6 6. Nc3 O-O 7. Re1 e6 8. h3
d5 9. exd5 exd5 10. Bb5 Bd7 11. d3 Re8 12. Bg5 a6 13. Bxc6 Bxc6 14. Qd2 d4 15.
Bxf6 Qxf6 16. Ne4 Bxe4 17. Rxe4 Rxe4 18. dxe4 Re8 19. Re1 Qc6 20. Qf4 f6 21. h4
Qe6 22. g4 h6 23. Qg3 g5 24. h5 Bf8 25. e5 f5 26. gxf5 Qxf5 27. Nh4 Qf4 28.
Qxf4 gxf4 29. Ng6 Bd6 30. Kg2 c4 31. Kf3 c3 32. exd6 Rxe1 33. d7 cxb2 34. d8=Q+
Kf7 35. Qf8+ Ke6 36. Qe7+ Kd5 37. Qxe1 1-0

[Event "Finale kadetskih liga-kadeti 2016."]
[Site "Djurdjevac"]
[Date "2016.12.27"]
[Round "1.23"]
[White "Simunic, Krunoslav"]
[Black "Winkler, Sven"]
[Result "1-0"]
[WhiteElo "1866"]
[BlackElo "1643"]
[PlyCount "125"]
[EventDate "2016.12.27"]

1. d4 d5 2. c4 e6 3. Nc3 Nf6 4. Bg5 Nbd7 5. e3 c6 6. Nf3 Be7 7. Bd3 dxc4 8.
Bxc4 b5 9. Be2 Bb7 10. O-O a6 11. Rc1 O-O 12. h3 Rc8 13. Bf4 c5 14. dxc5 Nxc5
15. Ne5 Qb6 16. Bf3 Rfd8 17. Qe2 Bd6 18. Rfd1 Be7 19. Rxd8+ Rxd8 20. Rd1 Rxd1+
21. Qxd1 b4 22. Nc4 Qd8 23. Qxd8+ Bxd8 24. Na4 Bxf3 25. Nxc5 Be2 26. b3 Bxc4
27. bxc4 a5 28. Nb7 Bb6 29. c5 Ba7 30. c6 Nd5 31. c7 Ne7 32. Nd6 a4 33. c8=Q+
Nxc8 34. Nxc8 b3 35. axb3 axb3 36. Be5 Bb8 37. Bb2 Bc7 38. Na7 f5 39. Nb5 Bb6
40. Nd4 Kf7 41. Nxb3 g5 42. Kf1 h5 43. Ke2 h4 44. f3 Kg6 45. e4 Kh5 46. Nd4
fxe4 47. Nxe6 exf3+ 48. Kxf3 Ba5 49. Bc1 Be1 50. Bxg5 Bg3 51. Bd8 Be1 52. Nf4+
Kh6 53. Kg4 Bc3 54. Bxh4 Kh7 55. Kf5 Kg8 56. g4 Kh7 57. g5 Kg7 58. g6 Kg8 59.
Bf6 Bxf6 60. Kxf6 Kf8 61. g7+ Kg8 62. Ne6 Kh7 63. Kf7 1-0

[Event "Finale kadetskih liga-kadeti 2016."]
[Site "Djurdjevac"]
[Date "2016.12.27"]
[Round "1.24"]
[White "Mesar, Vedran"]
[Black "Baric, Marko"]
[Result "1-0"]
[WhiteElo "1470"]
[BlackElo "1586"]
[PlyCount "81"]
[EventDate "2016.12.27"]

1. e4 e5 2. Nf3 Nc6 3. Bc4 Bc5 4. c3 Nf6 5. d3 d6 6. Be3 Bb6 7. O-O O-O 8. Nbd2
Be6 9. Bb3 h6 10. d4 exd4 11. cxd4 Bg4 12. d5 Ne5 13. Bxb6 axb6 14. Re1 Re8 15.
Re3 Rc8 16. Rc1 Nfd7 17. h3 Nxf3+ 18. Nxf3 Bh5 19. Ba4 Re7 20. b4 Bxf3 21. Qxf3
Ne5 22. Qe2 c6 23. f4 Ng6 24. Qg4 Ra8 25. Bb3 Qe8 26. dxc6 bxc6 27. Qxg6 Qd7
28. e5 Rc8 29. Rd3 d5 30. Qg3 b5 31. Rdc3 Qa7+ 32. Qf2 Qd7 33. Qf3 Ree8 34. Rc5
Qa7 35. Kf1 Qd7 36. a4 bxa4 37. Bxa4 Re6 38. b5 Qa7 39. Qd1 Ra8 40. Bb3 cxb5
41. Bxd5 1-0

[Event "Finale kadetskih liga-kadeti 2016."]
[Site "Djurdjevac"]
[Date "2016.12.27"]
[Round "1.31"]
[White "Kolar, Mihael"]
[Black "Smetisko, Josip"]
[Result "0-1"]
[WhiteElo "1720"]
[BlackElo "1942"]
[PlyCount "108"]
[EventDate "2016.12.27"]

1. d4 Nf6 2. Nf3 g6 3. Bf4 d5 4. e3 Bg7 5. Bd3 O-O 6. h3 b6 7. O-O Bb7 8. Nbd2
Nbd7 9. c3 c5 10. Re1 Re8 11. b4 c4 12. Bc2 Nh5 13. Bh2 e6 14. e4 f5 15. e5 Rf8
16. Nf1 f4 17. h4 Bh6 18. Qb1 Qe8 19. N1d2 Ng7 20. Qd1 Nf5 21. Nf1 Qe7 22. Bxf5
Rxf5 23. Qd2 Raf8 24. a4 a6 25. a5 b5 26. Ra2 Kh8 27. Qd1 Bc6 28. N1d2 g5 29.
hxg5 Bxg5 30. Kf1 Rg8 31. Ke2 Nf8 32. Qc2 Bh6 33. Rg1 Be8 34. Raa1 Bg6 35. Qd1
Rh5 36. Ke1 Bd3 37. g3 fxg3 38. Bxg3 Ng6 39. Nh2 Nf4 40. Nhf1 Rh1 41. Bxf4
Rgxg1 42. Bxh6 Rxf1+ 43. Nxf1 Rxf1+ 44. Kd2 Rxd1+ 45. Rxd1 Qh4 46. Be3 Qg4 47.
Re1 Bg6 48. f3 Qf5 49. Re2 Qc2+ 50. Ke1 Qxc3+ 51. Kf2 Qxb4 52. Kg3 c3 53. Kh4
c2 54. Re1 Qxe1+ 0-1

[Event "Finale kadetskih liga-kadeti 2016."]
[Site "Djurdjevac"]
[Date "2016.12.27"]
[Round "1.32"]
[White "Smetisko, Marija"]
[Black "Jakrlin, Mihael"]
[Result "1-0"]
[WhiteElo "1891"]
[BlackElo "1663"]
[PlyCount "57"]
[EventDate "2016.12.27"]

1. e4 e6 2. d4 d5 3. exd5 exd5 4. Nc3 Nf6 5. Bg5 Be7 6. Bd3 O-O 7. Qd2 c6 8.
Nge2 Nbd7 9. O-O-O b5 10. Ng3 Nb6 11. Kb1 a5 12. Qf4 b4 13. Nce2 Nc4 14. Qh4 g6
15. Nf4 Re8 16. Rhe1 Bd7 17. Rxe7 Qxe7 18. Bxf6 Qe1 19. Kc1 Bg4 20. Qxg4 Qxf2
21. Bxc4 Qe3+ 22. Kb1 dxc4 23. Nf5 Qe1 24. Nh5 Re2 25. Nh6+ Kf8 26. Kc1 c3 27.
b3 Rxc2+ 28. Kxc2 Qf2+ 29. Kd3 1-0

[Event "Finale kadetskih liga-kadeti 2016."]
[Site "Djurdjevac"]
[Date "2016.12.27"]
[Round "1.33"]
[White "Djukin, Marko"]
[Black "Smetisko, Lucija"]
[Result "1-0"]
[WhiteElo "1707"]
[BlackElo "1645"]
[PlyCount "117"]
[EventDate "2016.12.27"]

1. e4 e5 2. Nf3 Nc6 3. Bb5 Nf6 4. d3 Bc5 5. c3 d6 6. O-O O-O 7. Bg5 Bg4 8. h3
Bh5 9. Nbd2 h6 10. Be3 Bxe3 11. fxe3 Ne7 12. Qe1 c6 13. Ba4 Qb6 14. Kh1 Rad8
15. Bb3 Qc7 16. d4 Bxf3 17. Rxf3 Ng6 18. Qg3 Kh7 19. Raf1 Qe7 20. Rf5 Rd7 21.
Bc2 a6 22. Nf3 Re8 23. Nh4 Nxh4 24. Qxh4 Ng8 25. Qf2 Nf6 26. g4 Rh8 27. Qg3 Qe6
28. d5 Qe7 29. g5 hxg5 30. Qxg5 Ne8 31. Qxe7 Rxe7 32. Rxf7 Rxf7 33. Rxf7 Kg8
34. Rxb7 cxd5 35. Rb8 Kf7 36. Kg2 dxe4 37. Bxe4 Rh6 38. Bd5+ Ke7 39. Ra8 Nc7
40. Ra7 Kd8 41. Bf3 Rg6+ 42. Bg4 Rf6 43. Rb7 d5 44. Rb8+ Ke7 45. Rg8 Ne8 46.
Bh5 Rf8 47. Rxf8 Kxf8 48. Bxe8 Kxe8 49. e4 Ke7 50. Kf3 Ke6 51. Ke3 Kd6 52. b4
Ke6 53. a4 Kd6 54. h4 g6 55. b5 axb5 56. axb5 Kc5 57. exd5 Kxd5 58. c4+ Kxc4
59. b6 1-0

[Event "Finale kadetskih liga-kadeti 2016."]
[Site "Djurdjevac"]
[Date "2016.12.27"]
[Round "2.11"]
[White "Jambresic, Filip"]
[Black "Kolar, Mihael"]
[Result "1-0"]
[WhiteElo "2007"]
[BlackElo "1720"]
[PlyCount "47"]
[EventDate "2016.12.27"]

1. Nf3 b6 2. g3 Bb7 3. Bg2 Nf6 4. c4 e6 5. O-O Be7 6. Nc3 c5 7. d3 O-O 8. Qc2
h6 9. a3 Nc6 10. Rb1 e5 11. e4 Nd4 12. Nxd4 cxd4 13. Nd5 Nxd5 14. exd5 d6 15.
f4 Rb8 16. f5 Bg5 17. h4 Bxc1 18. Rbxc1 Qf6 19. Be4 Kh8 20. b4 Rbc8 21. a4 Rg8
22. Qd2 g5 23. fxg6 Qg7 24. Rxf7 1-0

[Event "Finale kadetskih liga-kadeti 2016."]
[Site "Djurdjevac"]
[Date "2016.12.27"]
[Round "2.21"]
[White "Tomulic, Teo"]
[Black "Cotic, Borna"]
[Result "1/2-1/2"]
[WhiteElo "2209"]
[BlackElo "1947"]
[PlyCount "161"]
[EventDate "2016.12.27"]

1. e4 c5 2. Nf3 e6 3. d4 cxd4 4. Nxd4 Nc6 5. g3 Qc7 6. Bg2 Nf6 7. O-O Be7 8. c4
a6 9. Nc3 O-O 10. b3 Nxd4 11. Qxd4 Bc5 12. Qd3 d6 13. Na4 Nd7 14. Bb2 Rd8 15.
Rad1 e5 16. a3 b5 17. cxb5 axb5 18. Nc3 b4 19. axb4 Bxb4 20. Nd5 Qb8 21. Nxb4
Qxb4 22. Qxd6 Qxb3 23. Bxe5 Ba6 24. Rfe1 Bc4 25. Qc7 Be6 26. Qc3 Nxe5 27. Rxd8+
Rxd8 28. Qxe5 Rd1 29. Qa5 g6 30. h3 Rxe1+ 31. Qxe1 Qd3 32. f4 Qd4+ 33. Qf2
Qxf2+ 34. Kxf2 f6 35. h4 h6 36. Ke3 Kf7 37. Kd4 Ke7 38. e5 g5 39. Ke4 gxh4 40.
gxh4 fxe5 41. Kxe5 Bg4 42. Bd5 Bh3 43. f5 Bg4 44. f6+ Kf8 45. Be6 Bh5 46. Kf5
Ke8 47. Bg8 Kf8 48. Bd5 Ke8 49. Be4 Kf7 50. Ke5 Kf8 51. Bf5 Ke8 52. Bh7 Kf7 53.
Kf5 Bg4+ 54. Ke5 Bh5 55. Bf5 Ke8 56. Be6 Kf8 57. Kf4 Ke8 58. Bg4 Bg6 59. Bf3
Kf8 60. Ke5 Kf7 61. h5 Bc2 62. Bd5+ Kf8 63. Be4 Bd1 64. Bg6 Bb3 65. Kf4 Bd1 66.
Kf5 Bc2+ 67. Ke5 Bb3 68. Kf5 Bc2+ 69. Kg4 Bd1+ 70. Kf4 Bb3 71. Bf5 Bd1 72. Bg4
Bc2 73. Ke5 Bd3 74. Bf3 Bc2 75. Ke6 Bd3 76. Ke5 Bc2 77. Be2 Kf7 78. Bc4+ Kf8
79. f7 Bd1 80. Kf6 Bxh5 81. Ke5 1/2-1/2

[Event "Finale kadetskih liga-kadeti 2016."]
[Site "Djurdjevac"]
[Date "2016.12.27"]
[Round "2.23"]
[White "Duda, Daniel"]
[Black "Simunic, Krunoslav"]
[Result "0-1"]
[WhiteElo "1925"]
[BlackElo "1866"]
[PlyCount "54"]
[EventDate "2016.12.27"]

1. e4 e6 2. d4 d5 3. exd5 exd5 4. Nf3 Bd6 5. c4 dxc4 6. Bxc4 Nf6 7. O-O O-O 8.
Bg5 Bg4 9. Qb3 Nc6 10. Nbd2 Na5 11. Qc3 Nxc4 12. Qxc4 Be7 13. Ne5 Be6 14. Qc2
Qxd4 15. Ndf3 Qc5 16. Qe2 c6 17. Rac1 Qd6 18. Rfd1 Nd5 19. Be3 Rfe8 20. a3 Qc7
21. Bd2 Rad8 22. Nd4 Bf6 23. f4 Bc8 24. Ndf3 Bg4 25. Re1 Bxe5 26. fxe5 f6 27.
h3 Rxe5 0-1

[Event "Finale kadetskih liga-kadeti 2016."]
[Site "Djurdjevac"]
[Date "2016.12.27"]
[Round "2.31"]
[White "Golub, Nikolina"]
[Black "Matanovic, Anto"]
[Result "1-0"]
[WhiteElo "1856"]
[BlackElo "1683"]
[PlyCount "63"]
[EventDate "2016.12.27"]

1. d4 d5 2. c4 c6 3. Nc3 e6 4. e4 Be7 5. e5 c5 6. cxd5 cxd4 7. Qxd4 Nc6 8. Bb5
a6 9. Bxc6+ bxc6 10. d6 Bg5 11. Nf3 Bxc1 12. Rxc1 f6 13. O-O fxe5 14. Qxe5 Nf6
15. Nd4 O-O 16. Nxc6 Qb6 17. Na4 Qb7 18. Ne7+ Kh8 19. Nxc8 Raxc8 20. Qxe6 Rcd8
21. Rc7 Qb4 22. Qe7 Rg8 23. Nc3 Rxd6 24. a3 Qd4 25. h3 Qf4 26. g3 Qf5 27. Qxd6
Qxh3 28. Qc6 Nh5 29. Qg2 Qg4 30. Re1 Qd4 31. Qd5 Qg4 32. Qxg8+ 1-0

[Event "Finale kadetskih liga-kadeti 2016."]
[Site "Djurdjevac"]
[Date "2016.12.27"]
[Round "2.32"]
[White "Hajpek, Erik"]
[Black "Leskovar, Viktor"]
[Result "0-1"]
[WhiteElo "1708"]
[BlackElo "1802"]
[PlyCount "44"]
[EventDate "2016.12.27"]

1. e4 g6 2. d4 c5 3. Nf3 cxd4 4. Nxd4 Bg7 5. Nc3 Nc6 6. Be3 Nf6 7. f3 O-O 8.
Qd2 d5 9. exd5 Nxd5 10. Nxd5 Qxd5 11. Nxc6 Qxc6 12. O-O-O Bf5 13. c3 Rfc8 14.
Qd5 Qc7 15. Qb3 Qe5 16. Bd2 Rd8 17. Bc4 Rxd2 18. Rxd2 Bh6 19. Rhd1 Rd8 20. g4
Rxd2 21. Rxd2 Qe1+ 22. Qd1 Bxd2# 0-1

[Event "Finale kadetskih liga-kadeti 2016."]
[Site "Djurdjevac"]
[Date "2016.12.27"]
[Round "2.33"]
[White "Cigrovski, Jakov"]
[Black "Drempetic, Mario"]
[Result "1-0"]
[WhiteElo "1728"]
[BlackElo "1619"]
[PlyCount "143"]
[EventDate "2016.12.27"]

1. Nf3 Nf6 2. c4 d5 3. cxd5 Nxd5 4. Nc3 Nc6 5. g3 g6 6. Bg2 Bg7 7. O-O O-O 8.
a3 Nxc3 9. bxc3 Be6 10. Rb1 Rb8 11. Qc2 a5 12. c4 b6 13. Bb2 Bxb2 14. Rxb2 Nd4
15. Nxd4 Qxd4 16. d3 Qd7 17. Rfb1 Bh3 18. Bh1 e5 19. Qc3 Qe6 20. Rb5 Rfe8 21.
c5 Rec8 22. cxb6 Rxb6 23. Qxa5 Rcb8 24. Rxb6 Rxb6 25. Rxb6 cxb6 26. Qa8+ Kg7
27. Qd5 Qe7 28. Bg2 Bg4 29. e3 Kg8 30. h3 Bf5 31. g4 Be6 32. Qxe5 Qxa3 33. d4
Qa1+ 34. Kh2 Qb2 35. Qb8+ Kg7 36. d5 Bxd5 37. Bxd5 Qxf2+ 38. Bg2 Qxe3 39. Qg3
Qxg3+ 40. Kxg3 g5 41. Be4 h6 42. Kf3 Kf6 43. Ke3 Ke5 44. Kd3 Kf4 45. Bg2 Kg3
46. Bf1 Kf2 47. Be2 Kg2 48. Ke4 Kxh3 49. Kf5 Kg3 50. Bc4 f6 51. Be2 Kh4 52.
Kxf6 b5 53. Ke5 b4 54. Kd4 Kg3 55. Kc4 Kf4 56. Kxb4 Ke4 57. Kc5 Ke5 58. Bb5 Kf4
59. Be2 Ke5 60. Bd1 Ke6 61. Bb3+ Ke5 62. Bf7 Kf4 63. Bh5 Ke5 64. Kc6 Ke6 65.
Kc7 Ke7 66. Kc8 Ke6 67. Kd8 Kf6 68. Ke8 Kg7 69. Ke7 Kh8 70. Kf6 Kh7 71. Kf7 Kh8
72. Kg6 1-0

[Event "Finale kadetskih liga-kadeti 2016."]
[Site "Djurdjevac"]
[Date "2016.12.27"]
[Round "2.12"]
[White "Jakrlin, Mihael"]
[Black "Novosel, Marko"]
[Result "1-0"]
[WhiteElo "1663"]
[BlackElo "1926"]
[PlyCount "83"]
[EventDate "2016.12.27"]

1. e4 c5 2. c3 g6 3. d4 cxd4 4. cxd4 Bg7 5. Nc3 b6 6. Nf3 Bb7 7. Bd3 Nf6 8. Bf4
O-O 9. O-O d6 10. a3 Nbd7 11. Rc1 Rc8 12. h3 Re8 13. d5 Nc5 14. Bb1 Nh5 15. Be3
Bxc3 16. Rxc3 Nf6 17. Nd2 Qd7 18. Bc2 Ba6 19. Re1 Bb5 20. Qf3 Qb7 21. Bd4 Ncd7
22. Rc1 Rxc3 23. Bxc3 Rc8 24. Qe3 Ne5 25. Bxe5 dxe5 26. Nb1 Qd7 27. Nc3 Nh5 28.
Qg5 f6 29. Qe3 Nf4 30. Rd1 g5 31. Bb3 Kg7 32. Kh2 h5 33. Nxb5 Qxb5 34. g3 Ne2
35. a4 Qa6 36. d6 exd6 37. Rxd6 Rf8 38. Rd7+ Kg6 39. Be6 Nd4 40. Qxd4 f5 41.
Qxe5 Qa5 42. Qg7# 1-0

[Event "Finale kadetskih liga-kadeti 2016."]
[Site "Djurdjevac"]
[Date "2016.12.27"]
[Round "2.13"]
[White "Winkler, Sven"]
[Black "Djukin, Marko"]
[Result "0-1"]
[WhiteElo "1643"]
[BlackElo "1707"]
[PlyCount "62"]
[EventDate "2016.12.27"]

1. c4 e5 2. Nc3 Nf6 3. g3 d5 4. cxd5 Nxd5 5. Bg2 Nb6 6. d3 Be7 7. Nf3 Nc6 8.
O-O O-O 9. a3 Be6 10. b4 a5 11. b5 Nd4 12. Nxe5 Bf6 13. f4 Nd7 14. Nxd7 Qxd7
15. Bd2 Nb3 16. Rb1 Nxd2 17. Qxd2 Qd4+ 18. Kh1 Qxc3 19. Qe3 Rfe8 20. Qf3 Qxa3
21. e4 Red8 22. Rfd1 Qa2 23. f5 Bb3 24. Rf1 a4 25. Rbe1 Qb2 26. Qf4 Qe5 27. Qg5
a3 28. h4 a2 29. Ra1 Qxa1 30. Rxa1 Bxa1 31. h5 Be5 0-1

[Event "Finale kadetskih liga-kadeti 2016."]
[Site "Djurdjevac"]
[Date "2016.12.27"]
[Round "2.14"]
[White "Simic, Pavo"]
[Black "Mesar, Vedran"]
[Result "1/2-1/2"]
[WhiteElo "1555"]
[BlackElo "1470"]
[PlyCount "127"]
[EventDate "2016.12.27"]

1. d4 Nf6 2. c4 e6 3. Nf3 d5 4. e3 b6 5. Nc3 Bb4 6. a3 Bxc3+ 7. bxc3 Ne4 8. Bd2
c5 9. cxd5 Qxd5 10. c4 Qd6 11. Bd3 Bb7 12. Qc2 Nxd2 13. Qxd2 Bxf3 14. gxf3 cxd4
15. Be4 Nc6 16. exd4 Rc8 17. Bxc6+ Qxc6 18. Rc1 Qxf3 19. Rg1 O-O 20. Rc3 Qe4+
21. Kf1 Rfd8 22. Rcg3 g6 23. Rg4 Qb1+ 24. Kg2 Qf5 25. Qe2 Qf6 26. Rd1 Rc6 27.
h4 h5 28. Re4 Rdc8 29. d5 exd5 30. Re8+ Kg7 31. Rxc8 Rxc8 32. cxd5 Qxh4 33. Qd3
Qg4+ 34. Kh2 h4 35. Rg1 Qf4+ 36. Kg2 g5 37. Re1 Qf6 38. Re4 Rc3 39. Qd4 h3+ 40.
Kh2 Qxd4 41. Rxd4 Kf6 42. d6 Rc8 43. Kxh3 Ke5 44. d7 Rd8 45. Rd3 Ke6 46. Kg4 f6
47. Re3+ Kxd7 48. Kf5 Rf8 49. Re6 g4 50. a4 Rf7 51. Re4 Kc6 52. Rxg4 a5 53. Re4
Kc5 54. f4 b5 55. axb5 Kxb5 56. Ke6 Rf8 57. Ke7 Rc8 58. Kxf6 a4 59. Ke7 a3 60.
f5 Rc7+ 61. Kd6 Rc1 62. Re2 Ra1 63. f6 Kb4 64. f7 1/2-1/2

[Event "Finale kadetskih liga-kadeti 2016."]
[Site "Djurdjevac"]
[Date "2016.12.27"]
[Round "2.22"]
[White "Bulic Braculj, Luka"]
[Black "Cvitan, Ena"]
[Result "0-1"]
[WhiteElo "1851"]
[BlackElo "2079"]
[PlyCount "106"]
[EventDate "2016.12.27"]

1. d4 Nf6 2. c4 e6 3. g3 Bb4+ 4. Bd2 Qe7 5. Nf3 Bxd2+ 6. Qxd2 Nc6 7. Nc3 d5 8.
cxd5 exd5 9. Bg2 O-O 10. O-O Bg4 11. Ne5 Nxe5 12. dxe5 Qxe5 13. Nxd5 Nxd5 14.
Qxd5 Qxe2 15. Qxb7 Qd2 16. Qxc7 Rac8 17. Qxa7 Rfe8 18. Qa4 Be2 19. Rfe1 Red8
20. Bf1 Bf3 21. Qa3 Ba8 22. Bg2 Bxg2 23. Kxg2 Rc2 24. Qe3 g6 25. a4 Rxb2 26.
Red1 Qxe3 27. Rxd8+ Kg7 28. Rf1 Qe4+ 29. Kg1 Qxa4 30. Rd3 g5 31. Rf3 Qe4 32.
Re3 Qf5 33. Ree1 h5 34. Re3 h4 35. h3 Qxh3 36. gxh4 Qxh4 37. Rg3 Qf4 38. Kg2
Kg6 39. Kg1 f5 40. Kg2 g4 41. Ra3 Kg5 42. Rc3 Qe4+ 43. Kg1 Qd4 44. Ra3 Qc5 45.
Ra8 Rb3 46. Rg8+ Kf4 47. Rh8 Rh3 48. Rb8 Qd5 49. Rb4+ Kg5 50. f4+ gxf3 51. Rb8
Rg3+ 52. Kh2 Qd2+ 53. Kxg3 Qg2# 0-1

[Event "Finale kadetskih liga-kadeti 2016."]
[Site "Djurdjevac"]
[Date "2016.12.28"]
[Round "3.11"]
[White "Cotic, Borna"]
[Black "Golub, Nikolina"]
[Result "1/2-1/2"]
[WhiteElo "1947"]
[BlackElo "1856"]
[PlyCount "81"]
[EventDate "2016.12.27"]

1. e4 c5 2. Nf3 e6 3. c4 Nc6 4. Be2 Nf6 5. Nc3 d5 6. exd5 exd5 7. d4 Be6 8.
cxd5 Nxd5 9. O-O Nxc3 10. bxc3 Be7 11. Be3 cxd4 12. Nxd4 Nxd4 13. Bxd4 O-O 14.
Bf3 Bd5 15. Bxd5 Qxd5 16. Qg4 f6 17. Rfd1 Qc6 18. Re1 Rf7 19. Re6 Qd7 20. Rae1
Bf8 21. Qe4 Rc8 22. h4 b6 23. Re3 f5 24. Qe5 Rc6 25. Re8 Rc8 26. Rxc8 Qxc8 27.
h5 f4 28. Rh3 Qg4 29. h6 Qd7 30. Qe4 Qf5 31. Qxf5 Rxf5 32. hxg7 Bxg7 33. Bxg7
Kxg7 34. c4 Rc5 35. Ra3 a5 36. Rb3 Rxc4 37. Rxb6 Rc1+ 38. Kh2 Rc2 39. Rb7+ Kg6
40. Rb6+ Kg7 41. Rb7+ 1/2-1/2

[Event "Finale kadetskih liga-kadeti 2016."]
[Site "Djurdjevac"]
[Date "2016.12.28"]
[Round "3.12"]
[White "Leskovar, Viktor"]
[Black "Bulic Braculj, Luka"]
[Result "1-0"]
[WhiteElo "1802"]
[BlackElo "1851"]
[PlyCount "111"]
[EventDate "2016.12.27"]

1. Nf3 c5 2. g3 g6 3. Bg2 Bg7 4. O-O Nc6 5. c4 d6 6. Nc3 e5 7. d3 Be6 8. Bd2
Nge7 9. a3 O-O 10. Rb1 a5 11. Ng5 Rb8 12. Nxe6 fxe6 13. Ne4 b5 14. Bg5 b4 15.
Nxc5 Nd4 16. Nb3 bxa3 17. bxa3 Nxb3 18. Rxb3 Qc7 19. Bxe7 Qxe7 20. Qc2 Qa7 21.
e3 Rxb3 22. Qxb3 Rb8 23. Qa4 Qc7 24. Bc6 Qb6 25. Bb5 Bh6 26. Qc2 Qc5 27. a4 Rf8
28. Qe2 Qc7 29. Rb1 Rb8 30. Rb2 Bg7 31. Bd7 Rxb2 32. Bxe6+ Kf8 33. Qxb2 Ke7 34.
Bd5 Bf6 35. Qb5 h5 36. Qa6 Bg7 37. Qa8 Bf8 38. Bc6 Qd8 39. Qa7+ Kf6 40. Bd5 Be7
41. Qb7 Qe8 42. Kg2 g5 43. Qb3 Qd7 44. Qd1 g4 45. d4 Qf5 46. dxe5+ Qxe5 47. Qd2
Bd8 48. Qc2 Qf5 49. Qb2+ Qe5 50. Qb1 Qf5 51. Qb7 Be7 52. Qa8 Qc2 53. Qh8+ Kg6
54. Qg8+ Kh6 55. Qe6+ Qg6 56. Qxe7 1-0

[Event "Finale kadetskih liga-kadeti 2016."]
[Site "Djurdjevac"]
[Date "2016.12.28"]
[Round "3.21"]
[White "Kolar, Mihael"]
[Black "Tomulic, Teo"]
[Result "0-1"]
[WhiteElo "1720"]
[BlackElo "2209"]
[PlyCount "37"]
[EventDate "2016.12.27"]

1. d4 Nf6 2. Bg5 Ne4 3. Bf4 c5 4. d5 Qb6 5. Bc1 e6 6. c3 exd5 7. Qxd5 Nf6 8.
Qe5+ Be7 9. Na3 Nc6 10. Qg3 O-O 11. Nc4 Qd8 12. h4 d5 13. Nd2 Bd6 14. Qd3 Bg4
15. Ngf3 Qd7 16. Nh2 Bf5 17. Qf3 Ne5 18. Qe3 Rfe8 19. Qg3 0-1